• 首页
  • 本馆介绍
  • 公告通知
  • 最新文献
  • 馆藏检索
  • 电子资源
  • 读者导购
  • 参考咨询
  • 我的图书馆
  • 登录
  • 详细信息显示
  • 放入我的书架
  • 预约/预借图书
  • 作者相关作品
  • 分类相关作品
  • 丛书相关作品
  • 出版社相关作品

书目信息

  • 表格格式
  • 工作单格式
  • 卡片格式
题名:
国际象棋入门教程
    
 
作者: 劳伦斯 , 穆拉迪阿巴迪 著 ;邵晖 , 洪成浸 译
分册:  
出版信息: 北京   人民邮电出版社  2021.1
页数: 158页
开本: 25cm
丛书名:
单 册:
中图分类: G891.1
科图分类:
主题词: 国际象棋--教材
电子资源:
ISBN: 978-7-115-46534-4
000 01179nam0 2200265 45
001 012001001868
005 20141011162112.0
010    @a978-7-115-46534-4@dCNY49.80
100    @a20180515d2018 em y0chiy50 ea
101 1  @achi@ceng
102    @aCN@b110000
105    @aa z 000yy
106    @ar
200 1  @a国际象棋入门教程@Aguo ji xiang qi ru men jiao cheng@b专著@e全彩图解版@f(美)阿尔·劳伦斯(Al Lawrence),(伊朗)埃勒尚·穆拉迪阿巴迪(Elshan Moradiabadi)著@g邵晖,洪成浸译
210    @a北京@c人民邮电出版社@d2021.1
215    @a158页@d25cm
330    @a本书将《孙子兵法》这一经典军事著作中的内容与国际象棋相结合,以分步骤图解示例对局的形式,对国际象棋中的基础知识、开局原则及技巧、各类开局及其中心、短期战术、长期战略、攻击和防守技巧、残局对弈技巧进行了讲解,并设置了相关练习题。此外,本书还介绍和解析了16个经典的大师对局。
606 0  @a国际象棋@j教材
690    @aG891.1@v5
701  0 @c(美)@a劳伦斯@Alao lun si@c(Lawrence, Al)@4著
701  0 @c(伊朗)@a穆拉迪阿巴迪@Amu la di a ba di@c(Moradiabadi, Elshan)@4著
702  0 @a邵晖@Ashao hui@4译
702  0 @a洪成浸@Ahong cheng jin@4译
801  2 @aCN@b江苏凤凰@c20211018
905    @b1346032-5@dG891.1@e499@f4
    
    国际象棋入门教程:全彩图解版/(美)阿尔·劳伦斯(Al Lawrence),(伊朗)埃勒尚·穆拉迪阿巴迪(Elshan Moradiabadi)著/邵晖,洪成浸译.-北京:人民邮电出版社,2021.1
    158页;25cm
    
    
    ISBN 978-7-115-46534-4:CNY49.80
    本书将《孙子兵法》这一经典军事著作中的内容与国际象棋相结合,以分步骤图解示例对局的形式,对国际象棋中的基础知识、开局原则及技巧、各类开局及其中心、短期战术、长期战略、攻击和防守技巧、残局对弈技巧进行了讲解,并设置了相关练习题。此外,本书还介绍和解析了16个经典的大师对局。
●
相关链接 在E读中查询图书 在五车中查询图书 在当当中查询图书 在豆瓣中查询图书


正题名:国际象棋入门教程     索取号:G891.1/499         预约/预借

序号 登录号 条形码 馆藏地/架位号 状态 备注
1 1346032   213460324   第一样本阅览室/ [索取号:G891.1/499] 在馆    
2 1346033   213460333   第四借阅区/ [索取号:G891.1/499] 在馆    
3 1346034   213460342   第四借阅区/ [索取号:G891.1/499] 在馆    
4 1346035   213460351   第四借阅区/ [索取号:G891.1/499] 在馆    
唐山师范学院图书馆 欢迎您!
大连网信软件有限公司© 版权所有